书目信息 |
| 题名: |
教育生态学
|
|
| 作者: | 吴鼎福 , 诸文蔚 著 | |
| 分册: | ||
| 出版信息: | 南京 江苏教育出版社 2000 |
|
| 页数: | 421页 | |
| 开本: | 20cm | |
| 丛书名: | 当代教育新理论丛书 | |
| 单 册: | ||
| 中图分类: | G40-052.4 , G40-052 | |
| 科图分类: | ||
| 主题词: | 教育生态学 | |
| 电子资源: | ||
| ISBN: | 7-5343-3974-X | |
| 000 | 00863oam2 2200265 450 | |
| 001 | 1534023487 | |
| 005 | 20150129092733.68 | |
| 010 | @a7-5343-3974-X@dCNY20.30 | |
| 100 | @a20010116d2000 em y0chiy0110 ea | |
| 101 | 0 | @achi |
| 102 | @aCN@b320000 | |
| 105 | @ay z 000yy | |
| 200 | 1 | @a教育生态学@9jiao yu sheng tai xue@f吴鼎福,诸文蔚著 |
| 210 | @a南京@c江苏教育出版社@d2000 | |
| 215 | @a421页@d20cm | |
| 225 | 2 | @a当代教育新理论丛书 |
| 330 | @a本书主要包括:教育的生态环境、教育的生态结构、教育的生态功能、教育生态学的基本原理、教育生态的基本规律、教育的行为生态、生态教育与可持续发展等内容。 | |
| 461 | 0 | @12001 @a当代教育新理论丛书 |
| 606 | 0 | @a教育生态学 |
| 690 | @aG40-052.4@v5 | |
| 690 | @aG40-052@v4 | |
| 701 | 0 | @a吴鼎福@9wu ding fu@4著 |
| 701 | 0 | @a诸文蔚@9zhu wen wei@4著 |
| 801 | 0 | @aCN@bTSSF@c20150129 |
| 905 | @aZUCC@dG40-052@eJY11 | |
| 教育生态学/吴鼎福,诸文蔚著.-南京:江苏教育出版社,2000 |
| 421页;20cm.-(当代教育新理论丛书) |
| ISBN 7-5343-3974-X:CNY20.30 |
| 本书主要包括:教育的生态环境、教育的生态结构、教育的生态功能、教育生态学的基本原理、教育生态的基本规律、教育的行为生态、生态教育与可持续发展等内容。 |
| ● |
| 相关链接 |
|
|
|
|
正题名:教育生态学
索取号:G40-052/JY11
 
预约/预借
| 序号 | 登录号 | 条形码 | 馆藏地/架位号 | 状态 | 备注 |
| 1 | 7859300 | 278593005 | 学院路分馆/ [索取号:G40-052/JY11] | 在馆 | |
| 2 | 7859301 | 278593014 | 学院路分馆/ [索取号:G40-052/JY11] | 在馆 | |
| 3 | 7859302 | 278593023 | 学院路分馆/ [索取号:G40-052/JY11] | 在馆 |